01019nam a22002417a 4500999001700000003000900017008004100026040007100067082001800138100001600156245007800172260005800250300002800308440003800336505013700374650003000511650002100541650002800562700005200590942001600642945002100658952009800679 c17434d17434AR-CdUCM190508b ||||| |||| 00| 0 spa d aMUNICIPALIDAD PROVINCIAL DEL CUSCOcBIBLIOTECA MUNICIPAL DEL CUSCO a301.19 /bD65 aDewey, John aNaturaleza humana y conducta :bintroducción a la psicología social / aMéxico, D.F :bFondo de Cultura Económica,c1964. a307 páginas ;c17 cm. aNaturaleza y conductan117937449 aConducta: El lugar del habito en la conducta -- El lugar del impulso en la conducta -- El lugar de la inteligencia en la conducta... aPsicología social94539 aHábitos933885 aCiencias sociales91096 aCastillo Dibildox, Rafael (traducción)915782 2ddccLIBROS adavvd2019-05-08 002ddc4070aSHbSHcCARTd2019-05-08g20.00o301.19 / D65pSH0000012595r2019-05-08yLIBROS